Größte Städte Europas - Extrem - Statistiken

Allgemein
  • Dieses Quiz wurde 200 mal gespielt
  • Das Durchschnittsergebnis liegt bei 57 aus 75
Antwortstatistiken
Einwohnerzahl Land Metropolregion % Korrekt
14.9 Mio Großbritannien London
99%
6.65 Mio Spanien Madrid
99%
19.1 Mio Russland Moskau
99%
11.5 Mio Frankreich Paris
99%
3.425 Mio Italien Rom
99%
4.85 Mio Deutschland Berlin
98%
15.9 Mio Türkei Istanbul
97%
3.475 Mio Ukraine Kiew
97%
2.30 Mio Deutschland München
97%
2.525 Mio Niederlande Amsterdam
96%
4.87 Mio Spanien Barcelona
96%
2.925 Mio Deutschland Hamburg
96%
5.00 Mio Deutschland Köln/Düsseldorf
96%
6.10 Mio Italien Mailand
96%
6.50 Mio Russland Sankt Petersburg
96%
3.575 Mio Griechenland Athen
95%
2.50 Mio Portugal Lissabon
95%
2.75 Mio Belgien Brüssel
94%
2.275 Mio Schweden Stockholm
94%
2.50 Mio Polen Warschau
94%
5.65 Mio Deutschland Ruhrgebiet
93%
2.35 Mio Österreich Wien
93%
2.50 Mio Ungarn Budapest
92%
1.53 Mio Irland Dublin
92%
3.30 Mio Deutschland Frankfurt am Main
92%
1.77 Mio Dänemark Kopenhagen
92%
3.15 Mio Großbritannien Manchester
91%
4.05 Mio Italien Neapel
91%
1.47 Mio Tschechische Republik Prag
91%
3.40 Mio Niederlande Rotterdam
91%
2.20 Mio Rumänien Bukarest
89%
1.89 Mio Großbritannien Liverpool
89%
2.025 Mio Frankreich Lyon
89%
1.70 Mio Frankreich Marseille
89%
2.10 Mio Belarus Minsk
89%
1.26 Mio Norwegen Oslo
88%
2.40 Mio Deutschland Stuttgart
88%
1.53 Mio Finnland Helsinki
87%
1.49 Mio Schweiz Zürich
87%
1.55 Mio Portugal Porto
85%
3.25 Mio Großbritannien Birmingham
84%
1.43 Mio Serbien Belgrad
82%
1.92 Mio Spanien Valencia
82%
1.24 Mio Bulgarien Sofia
79%
1.58 Mio Italien Turin
79%
1.00 Mio Deutschland Bremen
77%
1.15 Mio Deutschland Hannover
77%
1.21 Mio Deutschland Nürnberg
77%
1.24 Mio Belgien Antwerpen
74%
1.70 Mio Großbritannien Glasgow
74%
1.30 Mio Spanien Sevilla
71%
1.14 Mio Frankreich Bordeaux
69%
2.225 Mio Großbritannien Leeds
69%
1.59 Mio Deutschland Mannheim
60%
1.60 Mio Ukraine Charkiw
58%
1.41 Mio Ukraine Donezk
58%
1.10 Mio Ukraine Odessa
58%
1.13 Mio Frankreich Toulouse
58%
1.32 Mio Frankreich Lille
53%
1.47 Mio Großbritannien Newcastle
52%
1.54 Mio Großbritannien Sheffield
51%
1.59 Mio Russland Kasan
50%
1.09 Mio Spanien Malaga
50%
1.09 Mio Russland Wolgograd
47%
1.66 Mio Russland Nischni Nowgorod
45%
1.38 Mio Großbritannien Nottingham
40%
2.225 Mio Polen Kattowitz
37%
1.37 Mio Russland Samara
36%
1.15 Mio Großbritannien Southampton
36%
1.23 Mio Russland Ufa
36%
1.09 Mio Russland Perm
34%
1.41 Mio Russland Rostow am Don
26%
1.17 Mio Russland Woronesch
22%
1.21 Mio Russland Saratow
18%
1.33 Mio Ukraine Dnipropetrowsk
13%
Keine übereinstimmenden Quizze gefunden
Verteilung der Resultate
Anzahl Personen mit jedem Resultat
Perzentil nach korrekt beantworteten Fragen
Ihre Resultats-Entwicklung
Sie haben dieses Quiz noch nicht gespielt